Lidský kapitál a investice do vzdělání sborník z 11. mezinárodní vědecké konference

Gespeichert in:
Bibliographische Detailangaben
Körperschaft: Lidský kapitál a investice do vzdělání. Mezinárodní vědecká konference
Weitere Verfasser: Valenčík, Radim
Format: Buch
Sprache:Tschechisch
Veröffentlicht: Praha Vysoká škola finanční a správní 2008
Schlagworte:
Tags: Tag hinzufügen
Keine Tags, Fügen Sie das erste Tag hinzu!

MARC

LEADER 00000nlm$a2200000$$$4500
001 0090142
005 20240109070348.6
020 |a 978-80-7408-012-8 
041 0 |a cze 
044 |a CZ 
245 1 0 |a Lidský kapitál a investice do vzdělání  |b sborník z 11. mezinárodní vědecké konference  |c vydání připravil: Radim Valenčík 
264 1 |a Praha  |b Vysoká škola finanční a správní  |c 2008 
300 |a CD-ROM 
610 2 0 |a kapitál ľudský 
610 2 0 |a vzdelanie 
610 2 0 |a investície 
700 1 |a Valenčík, Radim 
110 2 |a Lidský kapitál a investice do vzdělání. Mezinárodní vědecká konference